Caderno de segredos (Record no. 184356)

MARC details
000 -LÍDER
campo de controle de tamanho fixo 00360 a2200169 4500
001 - NÚMERO DE CONTROLE
campo de controle 184356
020 ## - ISBN - INTERNATIONAL STANDARD BOOK NUMBER
ISBN - International Standard Book Number 85-02-01828-0
040 ## - FONTE DA CATALOGAÇÃO
Instituição que transcreveu o registro Magnum
100 ## - ENTRADA PRINCIPAL--NOME PESSOAL
Nome pessoal Albergaria, Lino de
240 10 - TÍTULO UNIFORME
Título uniforme Caderno de segredos
Idioma da obra por
245 10 - TÍTULO
Título Caderno de segredos
300 ## - DESCRIÇÃO FÍSICA
Extensão 71
362 0# - DATAS DE PUBLICAÇÃO E/OU DESIGNAÇÃO SEQUENCIAL
Datas de publicação e/ou designação sequencial 1999
440 #1 - DECLARAÇÃO DE SÉRIE/ENTRADA ADICIONADA--TÍTULO
Título Saraiva
697 ## - ENTRADA DE ASSUNTO LOCAL--ENTIDADE COLETIVA (RLIN)
Nome corporativo ou nome da jurisdição LITERATURA JUVENIL
942 ## - ELEMENTOS DE ENTRADA ADICIONADOS (KOHA)
Tipo de material Koha Livros
Holdings
Situação do descarte Situação das perdas Situação física Não pode ser emprestado Biblioteca de origem Biblioteca atual Data de aquisição Total de empréstimos Número de chamada completo Código de barras Data de último acesso Data do preço efetivo Tipo de material Koha
        Magnum Magnum 08/06/2024   869.3.106 MAG00043494 08/06/2024 08/06/2024 Livros
        Magnum Magnum 08/06/2024   869.3.106 MAG00043495 08/06/2024 08/06/2024 Livros
        Magnum Magnum 08/06/2024   869.3.106 MAG00043496 08/06/2024 08/06/2024 Livros
        Magnum Magnum 08/06/2024   869.3.106 MAG00043497 08/06/2024 08/06/2024 Livros
        Magnum Magnum 08/06/2024   869.3.106 MAG00043498 08/06/2024 08/06/2024 Livros
        Magnum Magnum 08/06/2024   869.3.106 MAG00043499 08/06/2024 08/06/2024 Livros
        Magnum Magnum 08/06/2024   869.3.106 MAG00043500 08/06/2024 08/06/2024 Livros
        Magnum Magnum 08/06/2024   869.3.106 MAG00043501 08/06/2024 08/06/2024 Livros
        Magnum Magnum 08/06/2024   869.3.106 MAG00043502 08/06/2024 08/06/2024 Livros
        Magnum Magnum 08/06/2024   869.3.106 MAG00043503 08/06/2024 08/06/2024 Livros
        Magnum Magnum 08/06/2024   869.3.106 MAG00043504 08/06/2024 08/06/2024 Livros
        Magnum Magnum 08/06/2024   869.3.106 MAG00043505 08/06/2024 08/06/2024 Livros